00785nam a2200181 4500001000700000003000900007005001700016007000300033008004100036100005200077245010300129260008900232300004400321710006600365852003200431999001900463952012100482143371ES-MaACL20230906200807.0t|070214s1956 mr r ||||1| spa d1 aSerrano de Lababidy, María del Pilar.910574913aLa evolución contemporánea de los países árabes / cpor Mª del Pilar Serrano de Lababidy. aTetuán : bAlta Comisaría de España en Marruecos, c1956 (fImp. del Mazjén) a225 p., 8 h. ; c24 cm + eVIII gráf.2 aMarruecos (Protectorado Español). bAlta Comisaría.95651 aES-MaACLjC-10897 bR.38815 c143371d143371 00104070aATENEOMbATENEOMcSPALd2008-01-17eSCl0oC-10897p1149166r2023-02-23 00:00:00w2023-02-23yMONOGRAFIA